书目信息 |
| 题名: |
初中化学经典能力题选编总汇
|
|
| 作者: | 毕恩绵 著 | |
| 分册: | 下 | |
| 出版信息: | 沈阳 沈阳出版社 2019.1 |
|
| 页数: | 729-1319页 | |
| 开本: | 27cm | |
| 丛书名: | ||
| 单 册: | ||
| 中图分类: | G633.8 , O6 | |
| 科图分类: | ||
| 主题词: | 化学--Hua Xue--习题--初中 | |
| 电子资源: | ||
| ISBN: | 978-7-5441-9517-1 | |
| 000 | 01360nam0 2200253 45 | |
| 001 | 012001001529 | |
| 005 | 20211012153026.09 | |
| 010 | @a978-7-5441-9517-1@dCNY140.00 | |
| 099 | @aCAL 012020124281 | |
| 100 | @a20200703d2019 ekmy0chiy50 ea | |
| 101 | 0 | @achi |
| 102 | @aCN@b210000 | |
| 105 | @aa z 000yy | |
| 106 | @ar | |
| 200 | 1 | @a初中化学经典能力题选编总汇@AChu Zhong Hua Xue Jing Dian Neng Li Ti Xuan Bian Zong Hui@h下@f毕恩绵编著 |
| 210 | @a沈阳@c沈阳出版社@d2019.1 | |
| 215 | @a729-1319页@c图@d27cm | |
| 330 | @a编写者结合多年教学经验以现行教材为依据汇总了各类题型的精华。精选了历年化学中考试题,扫描初中化学基础知识的考点和热点,归纳成精选题库。本着让学生做少而精的好题、新题为宗旨,结合生活、生产和科技发展的需要,培养学生发现问题、分析问题、解决问题的能力。书中内容立足于培养学生的学习能力,让学生尽快地掌握考点解决难点。通过对本书中能力型题、创新型题和探究型题等按需选用训练,可达到“深化、强化、活化”学过的化学知识。本书适用于中学化学教师,中上等尖子生以及师范院校化学系学生使用。毕恩绵,曾任丹东市第八中学高级化学教师,从事化学教学及研究工作多年,教学经验丰富。曾两次获得全国初中化学竞赛园丁奖。李艳辉,辽宁省调兵山市教研院基础教育教研员。 | |
| 606 | 0 | @a化学@AHua Xue@x习题@x初中 |
| 690 | @aG633.8 | |
| 690 | @aO6@v5 | |
| 701 | 0 | @a毕恩绵@ABi En Mian@4著 |
| 801 | 0 | @aCN@bBJSDL@c20211011 |
| 905 | @b1334911-5@dG633.8@e351:2@f5 | |
| 初中化学经典能力题选编总汇.下/毕恩绵编著.-沈阳:沈阳出版社,2019.1 |
| 729-1319页:图;27cm |
| ISBN 978-7-5441-9517-1:CNY140.00 |
| 编写者结合多年教学经验以现行教材为依据汇总了各类题型的精华。精选了历年化学中考试题,扫描初中化学基础知识的考点和热点,归纳成精选题库。本着让学生做少而精的好题、新题为宗旨,结合生活、生产和科技发展的需要,培养学生发现问题、分析问题、解决问题的能力。书中内容立足于培养学生的学习能力,让学生尽快地掌握考点解决难点。通过对本书中能力型题、创新型题和探究型题等按需选用训练,可达到“深化、强化、活化”学过的化学知识。本书适用于中学化学教师,中上等尖子生以及师范院校化学系学生使用。毕恩绵,曾任丹东市第八中学高级化学教师,从事化学教学及研究工作多年,教学经验丰富。曾两次获得全国初中化学竞赛园丁奖。李艳辉,辽宁省调兵山市教研院基础教育教研员。 |
| ● |
| 相关链接 |
|
|
|
|
正题名:初中化学经典能力题选编总汇
索取号:G633.8/351:2
 
预约/预借
| 序号 | 登录号 | 条形码 | 馆藏地/架位号 | 状态 | 备注 |
| 1 | 1334911 | 213349116 | 第一样本阅览室/ [索取号:G633.8/351:2] | 在馆 | |
| 2 | 1334912 | 213349125 | 第四借阅区/ [索取号:G633.8/351:2] | 在馆 | |
| 3 | 1334913 | 213349134 | 第四借阅区/ [索取号:G633.8/351:2] | 在馆 | |
| 4 | 1334914 | 213349143 | 第四借阅区/ [索取号:G633.8/351:2] | 在馆 | |
| 5 | 1334915 | 213349152 | 第四借阅区/ [索取号:G633.8/351:2] | 在馆 |